000
00317nam a2200133Ia 4500
008
240624s9999 xx 000 0 und d
041
_a
eng
082
_a
658.3 RAJ
100
_a
RAJU T
245
_a
HUMAN RESOURCE MANAGEMENT
260
_c
2014
_a
New Delhi
_b
Wiley
300
_a
672 : p. : cm. ; 24
365
_c
RS
_b
33
999
_c
26291
_d
26291